000 00214nam a22000857a 4500
008 170112b xxu||||| |||| 00| 0 eng d
100 _92355
_aDewan.P.etal.
245 _aEnglish Grammar-4
260 _aNew Delhi
_bE.P.
_c2009
999 _c5317
_d5317